00350nam a2200133 450000500170000010000200001724500360003726400380007330000180011133600220012933700240015133800240017599900170019920260530115257.01 aDavid E. Carter10aThe Little Book of Logo Recipes 1bHarper Design Internationalc2004 a272 páginas atexto2rdacontent asin medio2rdamedia avolumen2rdacarrier c12634d12634